Sistemas de energía eléctrica en alta tensión /

Detalles Bibliográficos
Autor principal: Balbás García, Francisco Javier (Autor)
Formato: Electrónico eBook
Lenguaje:español
Publicado: Santander : Ediciones Universidad Cantabria, 2023.
Colección:Textos universitarios (Editorial Universidad de Cantabria) ; Ingenierías. no. 24.
Colección Manuales (Editorial Universidad de Cantabria) ; #71.
Materias:
Acceso en línea:Digitalia Hispánica

MARC

LEADER 00000nam a2200000Ii 4500
001 DIGUCANT0186
003 NyNyDIG
006 m o d
007 cr |||||||||||
008 241208s2023 sp a ob 000 0 spa d
035 |a (OCoLC)1479209284 
040 |a DGITA  |b eng  |e rda  |e pn  |c DGITA 
020 |a 9788419024534  |q (pdf) 
020 |z 9788419024527  |q (rústica) 
050 1 4 |a TK3001 ebook 
100 1 |a Balbás García, Francisco Javier,  |e author. 
245 1 0 |a Sistemas de energía eléctrica en alta tensión /  |c Francisco Javier Balbás García. 
264 1 |a Santander :  |b Ediciones Universidad Cantabria,  |c 2023. 
300 |a 1 online resource :  |b illustrations. 
336 |a text  |b txt  |2 rdacontent 
337 |a computer  |b c  |2 rdamedia 
338 |a online resource  |b cr  |2 rdacarrier 
347 |a text file  |2 rdaft 
347 |b PDF 
490 1 |a Textos universitarios ;  |v no. 24.  |a Ingenierías 
490 1 |a Colección Manuales ;  |v #71  
504 |a Includes bibliographical references. 
588 0 |a Online resource; title from PDF title page (Digitalia, viewed December 8, 2024) 
650 0 |a Electric power. 
650 0 |a Electric lines. 
776 0 8 |i Print version:  |a Balbás García, Francisco Javier.  |t Sistemas de energía eléctrica en alta tensión.  |d Santander : Ediciones Universidad Cantabria, 2023  |z 9788419024527 
791 2 |a Digitalia (Firm),  |e distributor. 
793 0 |g Digitalia eBook Collection:  |a Universidad de Cantabria 
830 0 |a Textos universitarios (Editorial Universidad de Cantabria) ;  |v no. 24.  |p Ingenierías. 
830 0 |a Colección Manuales (Editorial Universidad de Cantabria) ;  |v #71. 
856 4 0 |3 Digitalia Hispánica  |u https://www.digitaliapublishing.com/a/159287/ 
910 |a Premium collection: 2024